000 00508nam a2200181Ia 4500
005 20250508163709.0
008 008 250505s9999 xx 000 0 hin d
037 _aTextual
040 _aFEDL
_beng
_cFEDL
041 _ahin
_2hin
084 _a491.43, RED
_qFEDL
100 _aReddy Vijay Raghav
_9504254
245 0 _aHindi-telgu: Sangya padbandh
260 _aAgra, India
_bKendriya Hindi Sansthan
_c1987
300 _a184p.
942 _cTEXL
_h491.43, RED
999 _c1384761
_d1384761